00582nam a2200133Ia 4500008004100000100002500041245009700066245013000163260005300293260001800346300000800364650001500372856006100387170221s9999 xx 000 0 und d aAnastasia V. Kistova aRegional Peculiarities in Modernization Processes within the Territories of Central Siberia  cAnastasia V. Kistova, Julia S. Zamaraeva, Natalia N. Pimenova, Ksenia V. Reznikova, Natalia P. Koptseva, Natalia N. Seredkina bInternational Review of Management and Marketing cDecember 2013 a5:2 xMarketing. uhttp://www.econjournals.com/index.php/irmm/issue/view/88